Представление документа в формате MARC21

Поле Инд. ПП Название Значение
Тип записи a
Библиографический уровень m
001 Контрольный номер RU/IS/BASE/386868575
005 Дата корректировки 20250221135246.5
040 a Служба первич. каталог. НБ ТвГУ
b Код языка каталог. rus
e Правила каталог. PSBO
041 0_ a Код языка текста rus
080 a Индекс УДК 316.77(043.3)
084 a Индекс другой классификации/Индекс ББК С033.3я031
084 a Индекс другой классификации/Индекс ББК С53я031
084 a Индекс другой классификации/Индекс ББК С524.224.3я031
090 a Полочн. индекс С033.3
x Авторский знак С 90
100 1_ a Автор Суродейкин Владимир Алексеевич
q Полное имя Суродейкин В. А.
245 10 a Заглавие Проблема личностных компетенций в информационном обществе: социально-философский анализ
b Продолж. заглавия автореф. дис. ... к.филос.н. : 09.00.11
260 a Место издания Тверь
b Издательство б. и.
c Дата издания 2012
300 a Объем 22 с.
500 a Примечание На правах рукоп.
504 a Библиография Библиогр. в конце кн. (12 назв.) и в подстроч. примеч.
653 0_ a Ключевые слова Авторефераты
a Ключевые слова Информационное общество
a Ключевые слова Личностные компетенции
a Ключевые слова Личность
a Ключевые слова Массовая коммуникация
a Ключевые слова Современное общество
a Ключевые слова Социальная коммуникация
a Ключевые слова Социальная философия
a Ключевые слова Социология личности
a Ключевые слова Участники коммуникации
a Ключевые слова Философия
710 12 a Организация/ юрисдикция Тверской государственный университет
901 t Тип документа m
920 a Оператор Густ
930 a Новая/Ретро авторефераты
952 c Вид литературы А/Р н
954 a Дата поступления на обработку 20120406